Obras completas I
Guardat en:
| Autor principal: | |
|---|---|
| Format: | Llibre |
| Idioma: | espanyol |
| Publicat: |
Barcelona
Galaxia Gutemberg
2002
|
| Matèries: | |
| Etiquetes: |
Afegir etiqueta
Sense etiquetes, Sigues el primer a etiquetar aquest registre!
|
MARC
| LEADER | 00000nam a2200000 a 4500 | ||
|---|---|---|---|
| 001 | UCI1592 | ||
| 003 | CL-VaPUC | ||
| 008 | 070706e20020000SP |||||||||||||||||spa|d | ||
| 020 | |a 8481093815 | ||
| 020 | |a 8422693658v.1 | ||
| 082 | 0 | 4 | |a 302 |b CAN |2 21 |
| 100 | |a Canetti, Elias |e autor |9 522188 | ||
| 245 | 1 | 0 | |a Obras completas I |
| 300 | |a 664 p | ||
| 942 | |c BK | ||
| 945 | |d 20070706 00:00:00 |a jtorresc | ||
| 260 | |a Barcelona |b Galaxia Gutemberg |c 2002 | ||
| 500 | |a v.1: Masa y poder | ||
| 650 | 0 | |a Psicología social |9 222894 | |
| 650 | 0 | |a Grupos sociales |9 268887 | |
| 650 | 0 | |a Ciencias sociales |9 256351 | |
| 650 | 7 | |a PODER |2 CL-VaPUC |9 522189 | |
| 583 | |a last modification |c 20070706 00:00:00 |k Rodrigo Vera | ||
| 999 | |c 326375 |d 326373 | ||
| 952 | |0 0 |1 0 |2 ddc |4 0 |6 302_000000000000000_CAN_2002 |7 0 |8 A |9 408239 |a BIBART |b BIBART |d 2019-11-22 |h v.1 |i 435396K |o 302 CAN 2002 |p 435396K |r 2025-03-13 |w 2019-11-22 |y BK |k ART | ||